Flora of St Aloysius College Campus : Herbs and Shrubs (Record no. 225750)

MARC details
000 -LEADER
fixed length control field 00545nam a22001937a 4500
005 - DATE AND TIME OF LATEST TRANSACTION
control field 20250728133539.0
008 - FIXED-LENGTH DATA ELEMENTS--GENERAL INFORMATION
fixed length control field 221214b ||||| |||| 00| 0 eng d
020 ## - INTERNATIONAL STANDARD BOOK NUMBER
International Standard Book Number 9788195680702
040 ## - CATALOGING SOURCE
Transcribing agency AL
041 ## - LANGUAGE CODE
Language code of text/sound track or separate title English
082 ## - DEWEY DECIMAL CLASSIFICATION NUMBER
Edition number 23
Classification number 581.95487
Item number MIRF
100 ## - MAIN ENTRY--PERSONAL NAME
Personal name Jyothi Miranda
100 ## - MAIN ENTRY--PERSONAL NAME
9 (RLIN) 220485
245 ## - TITLE STATEMENT
Title Flora of St Aloysius College Campus : Herbs and Shrubs
260 ## - PUBLICATION, DISTRIBUTION, ETC.
Place of publication, distribution, etc. Mangaluru
Name of publisher, distributor, etc. St Aloysious Prakashana
Date of publication, distribution, etc. 2022
300 ## - PHYSICAL DESCRIPTION
Extent 124p.
Other physical details HB
Dimensions 21x21 cm.
650 ## - SUBJECT ADDED ENTRY--TOPICAL TERM
Topical term or geographic name entry element Botanical Name
9 (RLIN) 66047
650 ## - SUBJECT ADDED ENTRY--TOPICAL TERM
Topical term or geographic name entry element Family
9 (RLIN) 66048
942 ## - ADDED ENTRY ELEMENTS (KOHA)
Source of classification or shelving scheme Dewey Decimal Classification
Koha item type Donated Books
Holdings
Withdrawn status Lost status Source of classification or shelving scheme Damaged status Not for loan Collection code Home library Current library Shelving location Date acquired Total Checkouts Full call number Barcode Date last seen Price effective from Koha item type Public note Date last checked out
    Dewey Decimal Classification     Botany St Aloysius Library St Aloysius Library Stack Section 12/14/2022   581.95487 MIRF D04860 12/14/2022 12/14/2022 Donated Books Donated by St Aloysius Prakashana  
    Dewey Decimal Classification   Reference Book Botany St Aloysius Library St Aloysius Library Reference Section 12/14/2022   581.95487 MIRF D04861 12/14/2022 12/14/2022 Donated Books Donated by St Aloysius Prakashana  
    Dewey Decimal Classification     Botany St Aloysius Library St Aloysius Library   12/14/2022 1 581.95487 MIRF D04862 03/09/2024 12/14/2022 Donated Books Donated by St Aloysius Prakashana 03/06/2024